[Event "Centrocoop June op-A"]
[Site "Eforie Nord "]
[Date "1998.??.??"]
[Round "?"]
[White "Vajda, Albert"]
[Black "Ghitescu, Theodor"]
[Result "1/2-1/2"]
[WhiteElo "2400"]
[BlackElo "2355"]

1.Nf3 Nf6 2.c4 g6 3.Nc3 Bg7 4.e4 d6 5.d4 O-O 6.Be2 e5 7.d5 Na6 8.h3 Qe8 9.g4 Nc5
10.Qc2 a5 11.Be3 Bd7 12.Nd2 a4 13.Rg1 Qb8 14.h4 Qc8 15.f3 h5 16.g5 Ne8 17.Kf2 Kh7
18.b4 axb3 19.axb3 Rxa1 20.Rxa1 f5 21.Kg2 fxe4 22.Ndxe4 Bf5 23.b4 Nxe4 24.Nxe4 c6
25.Qb3 cxd5 26.cxd5 Rf7 27.Rc1 Rc7 28.Rxc7 Qxc7 29.Qc4 Qxc4 30.Bxc4 Bd7 31.Bb6 Kg8
32.Bd3 Kf7 33.Nd2 Ba4 34.Bd8 Bf8 35.b5 Ng7 36.b6 Bd7 37.Nc4 Nf5 38.Bxf5 Bxf5
39.Na5 Bc8 40.Bf6 Be7 41.Bxe7 Kxe7 42.Kf2 Kd8 43.Ke3 Ke7 44.f4 exf4+ 45.Kxf4  1/2-1/2

[Event "Centrocoop June op-A"]
[Site "Eforie Nord "]
[Date "1998.??.??"]
[Round "?"]
[White "Plass, Heinrich"]
[Black "Petrenko, Svetlana"]
[Result "0-1"]
[WhiteElo "2095"]
[BlackElo "2275"]

1.d4 Nf6 2.Nf3 g6 3.c4 Bg7 4.Nc3 d6 5.e4 O-O 6.Be2 e5 7.d5 Nbd7 8.Bg5 h6
9.Bh4 g5 10.Bg3 Nh5 11.h4 g4 12.Nh2 Nxg3 13.fxg3 h5 14.O-O Nc5 15.Qc2 a5
16.Bd3 Bd7 17.Kh1 Qc8 18.Rae1 f6 19.Rf2 Bh6 20.Ref1 Kg7 21.Qe2 Nxd3 22.Qxd3 Be8
23.Nd1 Bg6 24.Ne3 Bxe3 25.Qxe3 Qd7 26.Kg1 c5 27.Re1 b5 28.cxb5 Qxb5 29.Nf1 Qc4
30.b3 Qd4 31.Nd2 a4 32.Qxd4 exd4 33.Nc4 axb3 34.axb3 Ra6 35.Rb2 Re8 36.b4 cxb4
37.Rxb4 Rxe4 38.Rb7+ Kf8 39.Rf1 f5 40.Rc1 Re2 41.Kf1 d3 42.Rd7 Rc2 43.Rb1 Rxc4
44.Rb8+ Be8 45.Rh7 Ra1+ 46.Kf2 Rc2+ 47.Ke3 Re1+ 48.Kxd3 Rxg2 49.Rbb7 Kg8
50.Rhg7+ Kf8 51.Rh7 Bb5+ 52.Rxb5 Rxg3+ 53.Kd2 Rge3 54.Rxh5 R3e2+ 55.Kd3 Re5
56.Rb7 Rxd5+ 57.Kc2 Re7 58.Rb4 Kf7 59.Rf4 Ke6 60.Rg5 Rc7+ 61.Kb3 Rb5+ 62.Rb4 Rxb4+
63.Kxb4 Kf6 64.Rg8 Rh7 65.Kc4 Ke5 66.Re8+ Kf4  0-1

[Event "Centrocoop June op-A"]
[Site "Eforie Nord "]
[Date "1998.??.??"]
[Round "?"]
[White "Codirlasu, Cristian"]
[Black "Petrenko, Svetlana"]
[Result "1/2-1/2"]
[WhiteElo "2235"]
[BlackElo "2275"]

1.d4 Nf6 2.c4 g6 3.Nc3 Bg7 4.e4 d6 5.Be2 O-O 6.Nf3 e5 7.d5 Nbd7 8.Bg5 h6
9.Bh4 g5 10.Bg3 Nh5 11.h4 Nxg3 12.fxg3 g4 13.Nd2 h5 14.O-O Bh6 15.Bd3 Nc5
16.Nb3 b6 17.Nxc5 bxc5 18.Qe2 Rb8 19.b3 f6 20.Rf2 Qe8 21.Bc2 Bd7 22.Raf1 Qg6
23.Nd1 Bc1 24.Ne3 Bb2 25.Nf5 Bxf5 26.Rxf5 Bd4+ 27.Kh2 Qh6  1/2-1/2

[Event "Centrocoop June op-A"]
[Site "Eforie Nord "]
[Date "1998.??.??"]
[Round "?"]
[White "Puskas, Janos"]
[Black "Kozlitin, Oleg"]
[Result "0-1"]
[WhiteElo "2100"]
[BlackElo "2000"]

1.Nf3 Nf6 2.c4 g6 3.Nc3 Bg7 4.e4 d6 5.d4 O-O 6.Be2 Nbd7 7.O-O e5 8.d5 Nc5
9.Qc2 a5 10.b3 Ne8 11.Ne1 f5 12.f3 f4 13.g4 Qh4 14.Kh1 h5 15.gxh5 Qxh5 16.Rg1 Kf7
17.Ba3 b6 18.Bxc5 bxc5 19.Bf1 Bd7 20.Qg2 Rh8 21.Nd3 g5 22.Be2 Nf6 23.Nf2 Rh7
24.Bf1 g4 25.fxg4 Bxg4 26.Nxg4 Nxg4 27.h3 Ne3 28.Qe2 Nxf1 29.Qxh5+ Rxh5 30.Ne2 Ne3
31.Rgc1 Rxh3+ 32.Kg1 Rah8 33.Kf2 Ng4+ 34.Ke1 Re3 35.Kd2 Rh2 36.Re1 f3 37.Rf1 Rh1
38.Rxh1  0-1

[Event "Centrocoop June op-A"]
[Site "Eforie Nord "]
[Date "1998.??.??"]
[Round "?"]
[White "Dobrov, Vladimir"]
[Black "Roitiburd, Talic"]
[Result "1-0"]
[WhiteElo "2130"]
[BlackElo "2000"]

1.d4 Nf6 2.c4 g6 3.Nc3 Bg7 4.e4 d6 5.Nf3 Nbd7 6.Be2 O-O 7.O-O e5 8.Re1 h6
9.Bf1 a5 10.b3 Nh5 11.g3 exd4 12.Nxd4 Nc5 13.Be3 Re8 14.Bg2 Nf6 15.f3 Ne6
16.Ndb5 Bd7 17.Qd2 Kh7 18.Rad1 Qc8 19.Kh1 h5 20.h3 Rg8 21.f4 Bc6 22.Qf2 Nf8
23.g4 Rh8 24.g5 Ne8 25.Nd5 Bxd5 26.exd5 Nd7 27.Bd4 Rf8 28.Re7 Bxd4 29.Nxd4 Qd8
30.Rde1 Ng7 31.Be4 Ne5 32.Rxc7 Qxc7 33.fxe5 dxe5 34.Nf3 Rae8 35.c5 Qc8 36.Kh2 Kh8
37.d6 f5 38.gxf6 Rxf6 39.Rd1 Qd7 40.Qe3 Nf5 41.Qc3 Kh7 42.Nxe5 Qb5 43.Bd3 Qb4
44.Qxb4 axb4 45.d7 Rd8 46.Be4 h4 47.Bxb7 Ne3 48.Ng4 Re6 49.Nxe3 Rxe3 50.c6 Rc3
51.Kg2 Rc2+ 52.Kf3 Rf8+ 53.Ke4 Re2+ 54.Kd3 Rg2 55.Kc4 Rg5 56.c7  1-0

[Event "Centrocoop June op-A"]
[Site "Eforie Nord "]
[Date "1998.??.??"]
[Round "?"]
[White "Gagarin, Vasilij"]
[Black "Terentiev, Anatoli"]
[Result "1-0"]
[WhiteElo "2415"]
[BlackElo "2290"]

1.d4 Nf6 2.Nf3 d6 3.c4 g6 4.Nc3 Bg7 5.e4 O-O 6.Be2 e5 7.O-O Nbd7 8.Be3 c6
9.d5 cxd5 10.cxd5 Ng4 11.Bg5 f6 12.Bd2 Nh6 13.Rc1 Nf7 14.Qc2 a6 15.b4 Nb6
16.Bd3 Bg4 17.Ne1 Rc8 18.Qb3 Bh6 19.Bxh6 Nxh6 20.Nc2 Bd7 21.Ne3 f5 22.Nc4 Nxc4
23.Bxc4 Qg5 24.Rc2 Ng4 25.Be2 Nf6 26.Bd3 fxe4 27.Nxe4 Nxe4 28.Bxe4 Rxc2 29.Qxc2 Rc8
30.Qb1 Rc4 31.g3 Bh3 32.Re1 Qd2 33.a3 Kg7 34.Rd1 Qc3 35.Bg2 Bxg2 36.Kxg2 Qxa3
37.b5 a5 38.b6 Qc5 39.Qb3 Rc2 40.Rf1 Rd2 41.Qa4 Qxd5+ 42.Kg1 Rd4 43.Qd7+ Qf7
44.Qd8 Qf3 45.Qe7+ Kh6 46.h4 a4 47.Rc1 Rd1+ 48.Rxd1 Qxd1+ 49.Kg2 Qd5+ 50.f3 Qg8
51.g4 e4 52.g5+ Kh5 53.Qd7  1-0

[Event "Centrocoop June op-A"]
[Site "Eforie Nord "]
[Date "1998.??.??"]
[Round "?"]
[White "Gordin, Maxim"]
[Black "Pavlenko, Bogdan"]
[Result "1/2-1/2"]
[WhiteElo "2150"]
[BlackElo "2275"]

1.d4 d6 2.Nf3 Nf6 3.c4 g6 4.Nc3 Bg7 5.e4 Nbd7 6.Be2 e5 7.O-O O-O 8.Qc2 Nh5
9.Bg5 f6 10.Be3 Kh8 11.Rad1 Nf4 12.Rfe1 Nxe2+ 13.Rxe2 Nb8 14.h3 Qe8 15.c5 f5
16.cxd6 cxd6 17.dxe5 fxe4 18.Ng5 Bf5 19.exd6 Nc6 20.Qa4 b5 21.Qxb5 h6 22.Ngxe4 Bxe4
23.Nxe4 Qxe4 24.Bxh6 Rab8 25.Bxg7+ Kxg7 26.Rxe4 Rxb5 27.b3 Rd8 28.f4 Rd7
29.Kf2 Kf7 30.Ke3 Nb4 31.a4 Rb6 32.Rd2 Na6 33.Rc4 Rxb3+ 34.Ke4 Rb6 35.Ke5 Nb4
36.g4 Nc6+ 37.Ke4 Nd8 38.Ke5 Rb3 39.h4 Re3+ 40.Re4 Rh3 41.Rc2 Rd3 42.Rd4 Rxd4
43.Kxd4 Rxd6+ 44.Ke5 Re6+ 45.Kd5 Ra6 46.Rc4 Ne6 47.Rb4 Ra5+ 48.Kd6 Nc5 49.Rb5 Ne4+
50.Ke5 Rxb5+ 51.axb5 Nc3 52.b6 axb6 53.Kd6 Ne2 54.f5 gxf5 55.gxf5 Nd4 56.Kd5 Nxf5
57.Kc6 Nxh4 58.Kxb6  1/2-1/2

[Event "Centrocoop June op-A"]
[Site "Eforie Nord "]
[Date "1998.??.??"]
[Round "?"]
[White "Iordache, Traian"]
[Black "Kabanov, Nikolai"]
[Result "0-1"]
[WhiteElo "2225"]
[BlackElo "2335"]

1.d4 g6 2.c4 Nf6 3.Nc3 Bg7 4.e4 O-O 5.Be2 d6 6.Nf3 e5 7.O-O Nh5 8.dxe5 dxe5
9.Qxd8 Rxd8 10.Nd5 Na6 11.Ne7+ Kf8 12.Nxc8 Raxc8 13.Be3 Nf4 14.Rfe1 Ne6 15.Rad1 Nb4
16.Ng5 Nd4 17.Bg4 Ra8 18.Nxh7+ Kg8 19.Ng5 Nxa2 20.Bxd4 Rxd4 21.Rxd4 exd4
22.e5 Nb4 23.e6 f5 24.Bf3 Bf6 25.Bxb7 Re8 26.h4 Bxg5 27.hxg5 c6 28.Kf1 Kg7
29.e7 Kf7 30.b3 d3 31.Re5 Rxe7 32.Rxe7+ Kxe7 33.Bc8 Nc2 34.c5 Nd4 35.Ba6 d2
36.Be2 Nxb3 37.Bd1 Nxc5 38.Ke2 Ne4 39.Bc2 d1=Q+ 40.Kxd1 Nxf2+ 41.Ke2 Ne4
42.g4 Ke6 43.gxf5+ gxf5 44.g6 Kf6 45.Ke3 Kxg6 46.Ba4 c5 47.Kf4 Kf6 48.Bc2 a5
49.Ba4 Ng5 50.Bd7 Ne6+ 51.Kf3 Ke5 52.Ke3 Nd4 53.Bc8 a4 54.Kd3 a3 55.Kc3 c4
56.Ba6 Nb3  0-1

[Event "Centrocoop June op-A"]
[Site "Eforie Nord "]
[Date "1998.??.??"]
[Round "?"]
[White "Smokina, Karolina"]
[Black "Mirochnikov, Evgheni"]
[Result "1/2-1/2"]
[WhiteElo "2195"]
[BlackElo "2000"]

1.c4 Nf6 2.Nc3 g6 3.e4 Bg7 4.d4 d6 5.Nf3 Nbd7 6.Be2 O-O 7.O-O e5 8.Qc2 c6
9.Rd1 Qc7 10.b4 a6 11.a3 Re8 12.Ra2 Nf8 13.d5 cxd5 14.Nxd5 Nxd5 15.cxd5 Qxc2
16.Rxc2 f5 17.Nd2 Bd7 18.Rc7 Ba4 19.Re1 b5 20.Rc6 Red8 21.Bd3 Rac8 22.Rxc8 Rxc8
23.exf5 Rc3 24.Be4 Bh6 25.fxg6 Nxg6 26.Nb3 Bxc1 27.Nxc1 Nf4 28.Kf1 Rxa3 29.h4 Nh5
30.Bf5 Rc3 31.Ne2 Rc4 32.Rc1 Bb3 33.Be6+ Kg7 34.Ra1 Rxh4 35.g4 Nf6 36.Rxa6 Bxd5
37.Bxd5 Nxd5 38.Rxd6 Nf4  1/2-1/2

[Event "Centrocoop June op-A"]
[Site "Eforie Nord "]
[Date "1998.??.??"]
[Round "?"]
[White "Sziksai, Imola"]
[Black "Roitiburd, Talic"]
[Result "0-1"]
[WhiteElo "2155"]
[BlackElo "2000"]

1.Nf3 Nf6 2.c4 g6 3.Nc3 d6 4.e4 Bg7 5.d4 O-O 6.Be2 Nbd7 7.O-O e5 8.Be3 c6
9.Ne1 Qe7 10.f3 Nh5 11.Nc2 f5 12.dxe5 dxe5 13.exf5 gxf5 14.Qd2 Nc5 15.Rad1 Ne6
16.b4 Nhf4 17.c5 Kh8 18.Bc4 Qh4 19.Qf2 Nh3+ 20.gxh3 Qxc4 21.Nb1 f4 22.Bc1 Ng5
23.Kh1 Nxh3 24.Qd2 Bf5 25.Nca3 Qf7 26.Nc3 Bf6 27.Ne4 Rad8 28.Nd6 Qg6 29.Rg1 Nxg1
30.Rxg1 Qh5 31.Qe2 Rg8 32.Rxg8+ Rxg8 33.Nac4 Bh3 34.Bb2 Bg2+ 35.Qxg2 Rxg2
36.Kxg2 Kg8 37.Nxb7 Qg6+  0-1

[Event "Centrocoop June op-A"]
[Site "Eforie Nord "]
[Date "1998.??.??"]
[Round "?"]
[White "Dumitrache, Dragos"]
[Black "Frasineanu, Marius"]
[Result "1-0"]
[WhiteElo "2385"]
[BlackElo "2155"]

1.d4 Nf6 2.c4 g6 3.Nc3 Bg7 4.e4 d6 5.Be2 O-O 6.Nf3 Na6 7.O-O e5 8.Re1 c6
9.Bf1 exd4 10.Nxd4 Nc5 11.Nb3 Nxb3 12.axb3 Be6 13.Bf4 d5 14.exd5 cxd5 15.Nb5 Ne8
16.Rxa7 Rxa7 17.Nxa7 Bxb2 18.Qd2 Bf6 19.Rd1 Nc7 20.Qb4 Bg4 21.f3 Ne6 22.Be3 Bg5
23.Bb6 Qf6 24.cxd5 Bxf3 25.gxf3 Qxf3  1-0

[Event "Centrocoop June op-A"]
[Site "Eforie Nord "]
[Date "1998.??.??"]
[Round "?"]
[White "Solcanean, Serghei"]
[Black "Frasineanu, Marius"]
[Result "1-0"]
[WhiteElo "2265"]
[BlackElo "2155"]

1.d4 Nf6 2.Nf3 g6 3.c4 Bg7 4.Nc3 O-O 5.e4 d6 6.Be2 Na6 7.O-O e5 8.Be3 Ng4
9.Bg5 f6 10.Bc1 c6 11.h3 Nh6 12.Be3 Qe7 13.c5 dxc5 14.dxe5 b5 15.exf6 Qxf6
16.Ng5 Nf7 17.Nxf7 Qxf7 18.f4 Be6 19.e5 Rfd8 20.Qc1 c4 21.Ne4 Nb4 22.Nd6 Qc7
23.Bc5 Nd5 24.Kh2 Rf8 25.g3 Qd7 26.h4 Kh8 27.Qd2 Ne7 28.Rad1 Rfd8 29.a3 Qc7
30.Bf3 Nf5 31.Qf2 Bf8 32.Nxf5 Bxf5 33.Bxf8 Rxd1 34.Rxd1 Rxf8 35.Qc5 Rc8 36.Rd6 Qa5
37.Qe3 c5 38.g4 Bd3 39.e6 Qa4 40.Qe5+ Kg8 41.Rd7  1-0

[Event "Centrocoop Sept op-A"]
[Site "Eforie Nord"]
[Date "1998.??.??"]
[Round "?"]
[White "Gutsu, S."]
[Black "Khruschiov, Alexey"]
[Result "1/2-1/2"]
[WhiteElo "1650"]
[BlackElo "2210"]

1.d4 Nf6 2.Nf3 g6 3.c4 Bg7 4.Nc3 d6 5.e4 O-O 6.Be2 e5 7.dxe5 dxe5 8.Qxd8 Rxd8
9.Nd5 Nxd5 10.cxd5 c6 11.Bc4 b5 12.Bb3 a5 13.Bg5 Rd7 14.a4 Bb7 15.dxc6 Nxc6  1/2-1/2

[Event "Centrocoop June op-B"]
[Site "Eforie Nord"]
[Date "1998.??.??"]
[Round "?"]
[White "Caravan, Mariana"]
[Black "Zhadko, Vladimir"]
[Result "0-1"]
[WhiteElo "2125"]
[BlackElo "2150"]

1.d4 Nf6 2.c4 g6 3.Nc3 Bg7 4.e4 d6 5.Nf3 O-O 6.Be2 e5 7.O-O Nbd7 8.Be3 Re8
9.d5 Nh5 10.Re1 Bf8 11.b4 Ng7 12.Nd2 f5 13.f3 Be7 14.Nb3 Bh4 15.Rf1 f4 16.Bf2 Bxf2+
17.Rxf2 Re7 18.c5 Nf6 19.Na5 h5 20.Nc4 g5 21.Bd3 Nge8 22.Rc2 Rg7 23.Rac1 g4
24.Kh1 g3 25.cxd6 cxd6 26.Nb5 Bd7 27.Nb2 Nh7 28.Nc7 Nxc7 29.Rxc7 Kh8 30.Qg1 b5
31.Rb7 Ng5 32.Bf1 h4 33.h3 Be8 34.Rxg7 Kxg7 35.Be2 a5 36.Nd3 Bd7 37.Qf1 Kf6
38.a3 axb4 39.Nxb4 Qa5 40.Rc3 Rg8 41.Kg1 Qb6+ 42.Kh1 Nxh3 43.Nd3 Nf2+ 44.Nxf2 gxf2
45.Rc6 Bxc6 46.dxc6 h3 47.c7 hxg2+ 48.Qxg2 Rh8+  0-1

[Event "Centrocoop Sept op-A"]
[Site "Eforie Nord"]
[Date "1998.??.??"]
[Round "?"]
[White "Urmosi, Al"]
[Black "Khruschiov, Alexey"]
[Result "0-1"]
[WhiteElo "1695"]
[BlackElo "2210"]

1.e4 g6 2.d4 Bg7 3.c4 d6 4.Nf3 Nf6 5.Nc3 O-O 6.Be2 Nbd7 7.O-O e5 8.d5 Nc5
9.Qc2 a5 10.b3 Bd7 11.Be3 Ng4 12.Bc1 f5 13.Bg5 Bf6 14.Bxf6 Nxf6 15.Nd2 f4
16.a3 Qe8 17.b4 axb4 18.axb4 Na4 19.b5 Nc5 20.Nb3 Nxb3 21.Qxb3 b6 22.Ra6 g5
23.Rfa1 Rc8 24.Qd1 Qg6 25.f3 h5 26.c5 bxc5 27.b6 cxb6 28.Rxb6 Ne8 29.Rb7 Rd8
30.Raa7 Nf6 31.Qb3 g4 32.Qb6 gxf3 33.Bxf3 Bg4 34.Kf2 Bxf3 35.gxf3 Kh8 36.Qb1 Qg5
37.Qg1 Qxg1+ 38.Kxg1 Rg8+ 39.Kf2 h4 40.Rf7 Rg6 41.Nb5 h3 42.Ke2 Kg8 43.Kd3 Ne8
44.Rh7 Rb8 45.Kc4 Rg2 46.Rxh3 Rb2 47.Nc7 R8b4+ 48.Kc3 R4b3+ 49.Kc4 Re3 50.Ra4 Nxc7  0-1

[Event "Centrocoop Sept op-B"]
[Site "Eforie Nord"]
[Date "1998.??.??"]
[Round "?"]
[White "Costescu, Marina"]
[Black "Ionica, Iulia"]
[Result "1/2-1/2"]
[WhiteElo "2050"]
[BlackElo "2195"]

1.d4 Nf6 2.c4 g6 3.Nc3 Bg7 4.e4 d6 5.Be2 O-O 6.Nf3 e5 7.Be3 exd4 8.Nxd4 Re8
9.f3 Nc6 10.Nxc6 bxc6  1/2-1/2

[Event "Eger Agria op"]
[Site "Eger Agria"]
[Date "1998.??.??"]
[Round "6"]
[White "Kerek, Csaba"]
[Black "Borsos, Bogdan"]
[Result "1/2-1/2"]
[WhiteElo "2380"]
[BlackElo "2330"]

1.d4 Nf6 2.Nf3 g6 3.c4 Bg7 4.Nc3 O-O 5.e4 d6 6.Be2 e5 7.dxe5 dxe5 8.Qxd8 Rxd8
9.Bg5 Re8 10.Nd5 Nxd5 11.cxd5 c6 12.Bc4 Nd7 13.dxc6 bxc6 14.Be3 Nb6 15.Bb3 Ba6
16.Rc1 Rac8 17.Nd2 Bf8 18.f3 c5 19.Nc4 Rb8 20.Nxb6 axb6 21.Kf2 Red8 22.Bd5 Bb7
23.Bxb7 Rxb7 24.Rhd1 Rbd7 25.Ke2 f6 26.Rxd7 Rxd7 27.a4 Kf7 28.Rd1 Ke6 29.Rxd7 Kxd7
30.Kd3 Kc6 31.Kc4 f5 32.g4 fxe4 33.fxe4 h5 34.h3 hxg4 35.hxg4 Be7 36.Bd2 Bd8
37.Bc3 Bc7 38.b4 cxb4 39.Bxb4 Bd8 40.Ba3  1/2-1/2

[Event "FIN-chT9899"]
[Site "FIN"]
[Date "1998.??.??"]
[Round "2"]
[White "Tella, Jussi"]
[Black "Sorri, Kari Juhani"]
[Result "1-0"]
[WhiteElo "2385"]
[BlackElo "2290"]

1.d4 Nf6 2.c4 g6 3.Nc3 Bg7 4.e4 d6 5.Nf3 O-O 6.Be2 e5 7.d5 c5 8.dxc6 Nxc6
9.O-O Bg4 10.Be3 Ne8 11.Qd2 Bxf3 12.Bxf3 Nc7 13.Rad1 Nd4 14.Bxd4 exd4 15.Ne2 Ne6
16.Bg4 Nc5 17.Nxd4 Nxe4 18.Qc2 Re8 19.Ne6 fxe6 20.Qxe4 Qe7 21.b3 Rad8 22.Rfe1 e5
23.h4 Kh8 24.g3 Rf8 25.Re2 Rf6 26.Bf3 b6 27.Bg2 Qc7 28.Rd5 Rdf8 29.a4 Qf7
30.Rdd2 Qc7 31.Qc6 Qxc6 32.Bxc6 Rb8 33.Bd5 Rff8 34.Rd3 Bf6 35.Kg2 Kg7 36.Be4 Be7
37.Ra2 Rfc8 38.Bd5 Rc7 39.Rf3 Bf6 40.Kf1 h6 41.Ke2 g5 42.h5 Rcc8 43.Kd3 Rf8
44.Ke4 Rfe8 45.b4 a6 46.b5 a5 47.Bc6 Re7 48.Raa3 Rd8 49.Rad3 Rf7 50.Bd5 Re7
51.g4 Rf8 52.Rd2 Rd8 53.Rd1 Rc7 54.Bc6 Re7 55.Rfd3 Rf7 56.Rxd6 Rxd6 57.Rxd6 Be7
58.Rg6+ Kf8 59.Bd5 Rf4+ 60.Kxe5 Bc5 61.f3 Ke7 62.Be4  1-0

[Event "FRA-chJM5"]
[Site "FRA"]
[Date "1998.??.??"]
[Round "8"]
[White "Marcelin, Cyril"]
[Black "Benitah, Yohan"]
[Result "1/2-1/2"]
[WhiteElo "2375"]
[BlackElo "2345"]

1.Nf3 Nf6 2.c4 g6 3.Nc3 Bg7 4.e4 d6 5.d4 O-O 6.Be2 Nbd7 7.O-O e5 8.d5 Ne8
9.Ne1 f5 10.exf5 gxf5 11.f4 Kh8 12.Be3 Ndf6 13.Nd3 e4 14.Nf2 c5 15.dxc6 bxc6
16.Qd2 Qe7 17.Rad1 Rg8 18.Kh1 Rb8 19.Rg1 Rb7 20.b3 Rc7 21.Rc1 Rb7 22.Qc2 h5
23.c5 d5 24.Ba6 Rc7 25.Bxc8 Rxc8 26.Ne2 Ng4 27.Nxg4 hxg4 28.Nd4 Qf7 29.g3 Kh7
30.b4 Nc7 31.Rcd1 Ne6 32.Rge1 Rh8 33.Nxe6 Qxe6 34.Bd4 Bxd4 35.Rxd4 Kg6 36.h4 Qf6
37.Qf2 Rce8 38.Qe3 Rb8 39.a4 a6 40.Kg1 Rh7 41.Re2  1/2-1/2

[Event "Pyramiden Franken Cup"]
[Site "Fuerth"]
[Date "1998.??.??"]
[Round "7"]
[White "Kalinitschew, Sergey"]
[Black "Wilhelmi, Christian"]
[Result "1/2-1/2"]
[WhiteElo "2505"]
[BlackElo "2470"]

1.d4 Nf6 2.c4 g6 3.Nc3 Bg7 4.e4 d6 5.Be2 O-O 6.Be3 e5 7.Nf3 Ng4 8.Bg5 f6
9.Bh4 Nc6 10.dxe5 dxe5 11.Qd5+ Kh8 12.Qxd8 Nxd8 13.O-O-O Ne6 14.h3 Nh6 15.g4 f5
16.gxf5 gxf5 17.Bg3 fxe4 18.Nxe4 Nf4 19.Bxf4 exf4 20.Nd4 Nf5 21.Nb5 c6 22.Nbd6 f3
23.Bd3 Be5 24.Nxc8 Raxc8 25.Nc5 Nd6 26.Kb1 Rf7 27.Nb3 b5 28.Rhe1 Bg7 29.cxb5  1/2-1/2

[Event "Asia-ch (Women)"]
[Site "Genting Highlands"]
[Date "1998.??.??"]
[Round "?"]
[White "Huda, Nurul"]
[Black "Khegai, Angela"]
[Result "0-1"]
[WhiteElo "2040"]
[BlackElo "2225"]

1.d4 Nf6 2.Nf3 g6 3.c4 Bg7 4.Nc3 O-O 5.e4 d6 6.Be2 e5 7.d5 a5 8.O-O Na6 9.h3 h6
10.Be3 Nd7 11.Qd2 Kh7 12.Nh2 Ndc5 13.f3 f5 14.exf5 gxf5 15.Nb5 f4 16.Bf2 Bf5
17.Qxa5 c6 18.Qxd8 Rfxd8 19.Nc3 Nb4 20.dxc6 bxc6 21.Bxc5 dxc5 22.a3 Nc2 23.Rac1 Ne3
24.Rf2 Bf6 25.Bd1 Bh4 26.Re2 Bd3 27.Rd2 Be1 28.Rxd3 Rxd3 29.Ng4 Bxc3 30.Nxe3 Bd4  0-1

[Event "Oberliga Ost A9899"]
[Site "GER"]
[Date "1998.??.??"]
[Round "?"]
[White "Matthey, Harald"]
[Black "Jahnel, Guenther"]
[Result "1-0"]
[WhiteElo "2305"]
[BlackElo "2280"]

1.Nf3 Nf6 2.c4 g6 3.Nc3 Bg7 4.e4 d6 5.d4 O-O 6.Be2 Nbd7 7.O-O e5 8.Qc2 exd4
9.Nxd4 Re8 10.Rd1 Qe7 11.f3 c6 12.Bg5 Nb6 13.Rac1 Bd7 14.Bf1 Qf8 15.a4 h6
16.Bh4 Nh5 17.a5 Nc8 18.Bf2 Bf6 19.c5 Be7 20.cxd6 Bxd6 21.Bc4 Nf4 22.Nce2 Nxe2+
23.Nxe2 Be6 24.Bxe6 Rxe6 25.f4 Re8 26.e5 Bb4 27.Rd7 Bxa5 28.Rxb7 Bb6 29.Ng3 Qb4
30.Bxb6 Nxb6 31.Ne4 Re6 32.Nf6+ Kg7 33.Qf2 Re7 34.Rxe7 Qxe7 35.Rxc6 Rc8 36.Rxc8 Nxc8
37.h4 Nb6 38.Qd4 Qe6 39.Kh2 Qc4 40.Qxc4 Nxc4 41.b4 g5 42.g3 Kg6 43.Nd5 Kf5
44.Ne7+ Ke4 45.fxg5 hxg5 46.e6 fxe6 47.hxg5 Nd6 48.g6 Ne8 49.Nc8 Ke5 50.Nxa7 Kf6
51.Nc8 Nc7 52.Nd6 Nd5 53.b5 Nb6 54.Kg2 Kxg6 55.Kf3 Kf6 56.Ne4+ Ke5 57.g4 Nc4
58.Nc3 Kd4 59.Na4 e5 60.b6 e4+ 61.Ke2 Nd6 62.g5 Kd5 63.g6 Ke6 64.Nc5+ Ke7
65.Nxe4 Nb7 66.Ke3  1-0

[Event "Oberliga Sued W9798"]
[Site "GER"]
[Date "1998.??.??"]
[Round "?"]
[White "Koerholz, Ludger"]
[Black "Golubev, Mihail"]
[Result "0-1"]
[WhiteElo "2305"]
[BlackElo "2520"]

1.d4 Nf6 2.c4 g6 3.Nc3 Bg7 4.e4 d6 5.Nf3 O-O 6.Be2 e5 7.dxe5 dxe5 8.Qxd8 Rxd8
9.Bg5 c6 10.Nxe5 Re8 11.O-O-O Na6 12.Rd6 Be6 13.f4 Nc5 14.Bf3 Nh5 15.g4 f6
16.gxh5 fxg5 17.hxg6 gxf4 18.gxh7+ Kxh7 19.Nd3 Bf8 20.Rd4 Rad8 21.Rxd8 Rxd8
22.Nxc5 Bxc5 23.Be2 Rg8 24.Kd1 Rg2 25.Rf1 Be3 26.h4 Rh2 27.h5 Bh3 28.Rf3 Bg2
29.Rxe3 fxe3 30.Kc2 Bxe4+ 31.Nxe4 Rxe2+ 32.Kc3 Kh6 33.Ng3 Rf2 34.b4 Rxa2
35.Nf5+ Kxh5 36.Nxe3 Ra3+ 37.Kd4 Kg5 38.Nc2 Rb3 39.c5 Kf6 40.Kc4 Rh3 41.Ne1 Rh4+
42.Kc3 Ke6 43.Nc2 Ke5 44.Kb3 Rh3+ 45.Kc4 Ke4 46.Nd4 Rh1 47.Nb3 b5+ 48.cxb6 axb6
49.Nd2+ Ke3 50.Nb3 Rb1 51.Kc3 Rxb3+  0-1

[Event "Oberliga Ost B9899"]
[Site "GER"]
[Date "1998.??.??"]
[Round "?"]
[White "Banas, Jan"]
[Black "Gustavsson, Cyrill"]
[Result "1-0"]
[WhiteElo "2425"]
[BlackElo "2210"]

1.c4 g6 2.e4 Bg7 3.d4 d6 4.Nc3 Nf6 5.Be2 O-O 6.Nf3 e5 7.d5 a5 8.Bg5 h6 9.Bh4 Na6
10.Nd2 Qe8 11.O-O Bd7 12.b3 Nh7 13.f3 f5 14.a3 Nf6 15.Bf2 h5 16.Rb1 Bh6 17.b4 b6
18.Bd3 Rf7 19.Qe2 Bxd2 20.Qxd2 f4 21.Qe2 Bc8 22.bxa5 bxa5 23.Rb5 g5 24.Rxa5 c5
25.dxc6 Qxc6 26.c5 Nc7 27.Rxa8 Qxa8 28.cxd6  1-0

[Event "Oberliga Ost B9899"]
[Site "GER"]
[Date "1998.??.??"]
[Round "?"]
[White "Falk, Thomas"]
[Black "Gmeiner, Peter"]
[Result "1/2-1/2"]
[WhiteElo "2145"]
[BlackElo "2230"]

1.Nf3 Nf6 2.c4 d6 3.d4 g6 4.Nc3 Bg7 5.e4 O-O 6.Be2 Nbd7 7.O-O e5 8.dxe5 dxe5
9.b3 Re8 10.Bb2 c6 11.Qc2 Qc7 12.Rad1 Nc5 13.h3 Nh5 14.b4 Ne6 15.c5 Nhf4
16.Bc4 Qe7 17.Ne2 Nxe2+ 18.Bxe2 Nf4 19.Bc4 g5 20.Qb3 Rf8 21.Rd6 g4 22.hxg4 Bxg4
23.Rfd1 Rae8 24.R1d2 Kh8 25.Nh2 Bc8 26.Nf1 Ne6 27.Qd1 Nd4 28.Ng3 Rd8 29.Rxd8 Rxd8
30.Rd3 b6 31.Qh5 bxc5 32.Nf5 Bxf5 33.exf5 Qf6 34.bxc5 Rb8 35.Rh3 Qxf5 36.Bxd4 Qxh5
37.Rxh5 exd4 38.Bxf7 d3 39.Rh3 Rd8 40.Bb3 d2 41.Bd1 Re8 42.Re3 Rd8 43.Re6 Bd4
44.Rd6  1/2-1/2

[Event "Oberliga Sued W9798"]
[Site "GER"]
[Date "1998.??.??"]
[Round "?"]
[White "Moret, Vincent"]
[Black "Becking, Stephan"]
[Result "1/2-1/2"]
[WhiteElo "2190"]
[BlackElo "2205"]

1.d4 Nf6 2.Nf3 g6 3.c4 Bg7 4.Nc3 O-O 5.e4 d6 6.Be2 e5 7.O-O Na6 8.d5 Nc5
9.Qc2 a5 10.Bg5 h6 11.Be3 b6 12.Ne1 Ng4 13.Bxg4 Bxg4 14.Nd3 Nxd3 15.Qxd3 f5
16.f3 Bh5 17.exf5 gxf5 18.f4 Qd7 19.Rf2 Rae8 20.Raf1 Bg6 21.Qd2 Kh7 22.Rf3 Bh5
23.R3f2 Rf6 24.b3 Rg8 25.Nb5 Bh8 26.Qc2 Bg6 27.Re1 Re8 28.Bc1 Rff8 29.Rff1 Bf6
30.Bb2 Qg7 31.Qd2 h5 32.Bc3 h4 33.Rf2 Bh5 34.Qd3 e4 35.Qe3 Bxc3 36.Nxc3 Rg8
37.Kh1 Qg4 38.Nb5 Rg7 39.Nd4 Bf7 40.Qe2 Qg6 41.Qe3 Qf6 42.Nb5 Re7 43.Nd4 Bg8
44.Rd1 Rg4 45.Ne2 Reg7 46.Ng1 Qg6 47.Rdd2 Qf6 48.Rd1 Qg6 49.Rdd2 Qf6  1/2-1/2

[Event "NRW-Liga II 9899"]
[Site "GER"]
[Date "1998.??.??"]
[Round "2"]
[White "Horstmann, Michael"]
[Black "Lane, Gary W"]
[Result "0-1"]
[WhiteElo "2215"]
[BlackElo "2400"]

1.d4 Nf6 2.c4 g6 3.Nc3 Bg7 4.e4 d6 5.Be2 O-O 6.Nf3 Nbd7 7.O-O e5 8.dxe5 dxe5
9.Bg5 h6 10.Bh4 c6 11.Qd6 Re8 12.Rfd1 Bf8 13.Bxf6 Qxf6 14.Qxf6 Nxf6 15.a3 a5
16.Rd2 Bc5 17.Rad1 Bb6 18.h3 Nh5 19.Na4 Bc7 20.c5 Be6 21.Nb6 Bxb6 22.cxb6 Nf6
23.Bd3 Nd7 24.Bc2 Re7 25.Bb3 Nxb6 26.Rd8+ Rxd8 27.Rxd8+ Kg7 28.Bxe6 Rxe6
29.Rb8 Re7 30.b3 a4 31.bxa4 Nxa4 32.Nd2 Nc5 33.f3 Rd7 34.Nc4 f6 35.Na5 h5
36.h4 Rd3 37.a4 Rd4 38.Nxb7 Nxa4 39.Nd8 Rd6 40.Rc8 c5 41.Kh2 Nb6 42.Rc7+ Kg8
43.Nf7 Rd7 44.Rc6 Kxf7 45.Rxb6 Rc7 46.Kg1 c4 47.Kf2 c3 48.Rb1 g5 49.hxg5 fxg5
50.Ke3 c2 51.Rc1 Kg6 52.Kd3 g4 53.fxg4 h4 54.Rxc2 Rxc2 55.Kxc2 Kg5 56.Kd2 Kxg4
57.Ke2 Kg3  0-1

[Event "Oberliga Ost B9798"]
[Site "Germany"]
[Date "1998.??.??"]
[Round "?.5"]
[White "Komljenovic, Luka"]
[Black "Stimpel, Franz"]
[Result "1/2-1/2"]
[WhiteElo "2245"]
[BlackElo "2245"]

1.d4 Nf6 2.c4 d6 3.Nc3 Nbd7 4.e4 e5 5.Nf3 g6 6.Be2 Bg7 7.O-O O-O 8.Qc2 c6
9.Rd1 Qe7 10.d5 c5 11.Bg5 h6 12.Bh4 g5 13.Bg3 Nh5 14.Nd2 Nf4 15.Bg4 Rd8 16.Nf1 Qf8
17.Rab1 Bf6 18.a3 Nb6 19.Bxc8 Rdxc8 20.Ne3 Be7 21.Rdc1 Nh5 22.Qe2 Ng7 23.Qd3 Qd8
24.f3 Nd7 25.Bf2 Rcb8 26.Be1 Bf8 27.Bd2 Nf6 28.b4 b6 29.bxc5 bxc5 30.Qc2 Nd7
31.Qa4 Nb6 32.Qa6 Qd7 33.a4 Ne8 34.Nb5 Nc8 35.a5 Ne7 36.Bc3 f6 37.Rb2 Rb7
38.Rcb1 Rab8 39.g4 Kh7 40.h3 Kg6 41.h4 Kh7 42.hxg5 hxg5 43.Nf5 Nxf5 44.exf5 Kg8
45.Qc6 Qd8 46.Kg2 Rh7 47.Na3 Rc8 48.Qa4 a6 49.Nc2 Qe7 50.Re1 Rh4 51.Rbb1 Qh7
52.Rh1 e4 53.Rxh4 exf3+ 54.Kxf3 Qxh4 55.Ne3 Qh3+ 56.Ke2 Ng7 57.Kd2 Re8 58.Re1 Kf7
59.Qd7+ Re7 60.Qc8 Qh2+ 61.Re2 Qf4 62.Qxa6 Nxf5 63.gxf5 g4 64.Qc8 Bh6 65.Kd1 Qe4
66.Qh8 Bxe3 67.Qh5+ Kf8 68.Qh8+ Kf7 69.Qh5+  1/2-1/2

[Event "Oberliga Ost B9798"]
[Site "Germany"]
[Date "1998.??.??"]
[Round "?.6"]
[White "Legde, Georg"]
[Black "Kartmann, Juergen"]
[Result "1-0"]
[WhiteElo "2220"]
[BlackElo "2075"]

1.d4 Nf6 2.Nf3 g6 3.c4 Bg7 4.Nc3 O-O 5.e4 d6 6.Be2 e5 7.O-O Nbd7 8.Re1 h6
9.Qc2 Nh7 10.Rd1 f5 11.exf5 gxf5 12.dxe5 dxe5 13.g3 c6 14.b3 e4 15.Nh4 Qf6
16.Bb2 Ne5 17.c5 Ng5 18.Rd6 Be6 19.Rf1 Rad8 20.Na4 Ngf7 21.Rdd1 Rxd1 22.Rxd1 f4
23.Bh5 Rd8 24.Qxe4 Rxd1+ 25.Bxd1 fxg3 26.hxg3 Qd8 27.Bh5 Ng5 28.Qe2 Nh3+
29.Kh2 Nf4 30.Qd1 Qg5 31.Bf3 Nxf3+ 32.Qxf3 Bxb2 33.Nxb2 Nd5 34.Nc4 Bg4 35.Qe4 Nf6
36.Qe7 Qg7  1-0